| 000 | 00553nam a2200193Ia 4500 | ||
|---|---|---|---|
| 008 | 220204s9999 xx 000 0 und d | ||
| 020 | _a0198540639 | ||
| 082 |
_a575.1 _bJAB |
||
| 100 | _aJablonka, Eva | ||
| 245 | 0 | _aEpigenetic inheritance and evolution: The Lamarckian dimension | |
| 260 |
_aOxford _bOxford University Press _c2005 |
||
| 300 | _a346p. | ||
| 650 | _aCellular heredity | ||
| 650 | _aGenomic imprinting | ||
| 650 | _aInduced genetic variations | ||
| 650 | _aNeo Darwinian explanations | ||
| 700 | _aLamb, Marion J | ||
| 942 | _cBK | ||
| 999 |
_c43231 _d43231 |
||